قصة العلم / (Record no. 14521)
[ view plain ]
| 000 -الفاتح | |
|---|---|
| حقل البيانات ثابتة الطول | 01202nam a22002657a 4500 |
| 008 - عناصر البيانات ثابتة الطول - معلومات عامة | |
| حقل البيانات ثابتة الطول | 100721s1998 xxu||||| |||| 00| 0 ara d |
| 020 ## - الرقم الدولى المعيارى للكتب | |
| الرقم الدولى المعيارى للكتاب | 9770155462 |
| 082 ## - رقم تصنيف ديوى العشرى | |
| رقم الطبعة | 22 |
| رقم التصنيف | 509 |
| رقم المادة | ك ر و |
| 100 1# - المدخل الرئيسى - إسم شخصى | |
| 9 (RLIN) | 16608 |
| الإسم الشخصى | كرواثر ، ج . ج |
| 245 ## - بيان العنوان | |
| العنوان | قصة العلم / |
| بيان المسئوليه,etc | ج .ج كرواثر ؛ ترجمة وتقديم ودراسة يمنى طريف الخولى ، بدوى عبد الفتاح |
| 260 ## - PUBLICATION, DISTRIBUTION, ETC. (IMPRINT) | |
| مكان الناشر او الموزع | القاهرة : |
| اسم الناشر او الموزع | المجلس الأعلى للثقافة ، |
| تاريخ النشر أو التوزيع | 1998. |
| 300 ## - الوصف المادى | |
| التعداد | 327 ص ؛ |
| أبعاد الوعاء | 24 سم . |
| 336 ## - نوع المحتوى | |
| source | rdacontent |
| Carrier Type Term | نص |
| Content Type Code | txt |
| 337 ## - نوع الوسيط | |
| Media Type Term | بدون وسيط |
| source | rdamedia |
| Media Type Code | n |
| 338 ## - نوع الحامل أو الناقل | |
| Carrier Type Term | مجلد |
| Carrier Type Code | nc |
| source | rdacarrier |
| 490 ## - بيان السلسلة | |
| -- | 16295 |
| عنوان السلسلة | المشروع القومي للترجمة |
| -- | 20 |
| 504 ## - تبصرة ببليوجرافية | |
| تبصرة ببليوجرافية,الخ | يحتوى على إرجاعات ببليوجرافية |
| 541 ## - تبصرة المصدر المباشر للتزويد | |
| مصدر التزويد | ألف باء ؛ |
| طريقة التزويد | شراء ؛ |
| 650 ## - المدخل الاضافى بالموضوع-مصطلح موضوعى | |
| 9 (RLIN) | 16609 |
| مصطلح موضوعي أو اسم جغرافي كعنصر مدخل | العلوم |
| التقسيم الفرعي العام | تاريخ |
| 650 ## - المدخل الاضافى بالموضوع-مصطلح موضوعى | |
| 9 (RLIN) | 16610 |
| مصطلح موضوعي أو اسم جغرافي كعنصر مدخل | العلم |
| التقسيم الفرعي العام | فلسفة |
| 650 ## - المدخل الاضافى بالموضوع-مصطلح موضوعى | |
| 9 (RLIN) | 16611 |
| مصطلح موضوعي أو اسم جغرافي كعنصر مدخل | الكهرباء في الصناعة |
| 700 ## - المدخل الاضافى - اسم شخصى | |
| 9 (RLIN) | 16612 |
| الإسم الشخصى | الخولى ، يمنى طريف |
| الدور | ترجمة وتقديم ودراسة |
| 700 ## - المدخل الاضافى - اسم شخصى | |
| 9 (RLIN) | 16614 |
| الإسم الشخصى | عبد الفتاح ، بدوى |
| الدور | ترجمة وتقديم ودراسة |
| 942 ## - عناصر المدخل الإضافي( كوها) | |
| مصدر التصنيف او مخطط الترفيف | Dewey Decimal Classification |
| Koha [default] item type | Book - Borrowing |
| جزء التصنيف | RDA-MOD |
| حالة التراجع | حالة الفقد | مصدر التصنيف او خطة الترفيف | حالة تلف | ليس للاعارة | مجموعات كوها | المكان الدائم | المكان الحالي | موقع الترفيف | تاريخ الاكتساب | Source of acquisition | رقم الاستدعاء | الباركود | Date last seen | نوع الوعاء |
|---|---|---|---|---|---|---|---|---|---|---|---|---|---|---|
| Dewey Decimal Classification | Alef-Baa | Central Library | Central Library | First floor | 21/07/2010 | 509 ك ر و | 000021570 | 15/07/2025 | Book - Borrowing |